000 00644nam a2200217Ia 4500
003 OSt
005 20250930115326.0
008 210210b2001 xxu||||| |||| 00| 0 eng d
020 _a81 7713 086 2
040 _cAL
041 _aKannada
082 _a780.9548K SATK
100 _aSATYANARAYANA (Ra).
_dಸತ್ಯನಾರಾಯಣ (ರಾ)
_9241051
245 _aKarnataka sangitavahini.
_bಕರ್ನಾಟಕ ಸಂಗೀತವಾಹಿನಿ.
260 _aBengaluru
_bKannada Pustaka Pradhikara
_c2001
300 _axx,800
650 _aKarnatak music
_9241052
690 _aMusic
_9241053
906 _a059416
942 _2ddc
_cBK
999 _c106749
_d106749